000 01491nam a2200325 a 4500
999 _c439104
_d439104
003 BLK
005 20241130164112.0
008 180409b bul|||||r ||||||| ||bul||
020 _a978-619-199-504-2
040 _aBLK
041 _aBUL
_cBUL
080 _aТехника на транспортните средства
_b629
_x:087.5
_z629:087.5
100 1 _aХед, Онър
_eпърви автор
_937381
139 _aХед, Онър
_bХ 38
245 1 0 _aМагическа лупа : транспортни машини
_cОнър Хед ; ил. Дона О'Мали ; прев. от англ. Ирина Манушева
260 _bФют
_c2020
_aСофия
300 _a23 с.
_bс цв. ил.
_c32 см
380 _aDN
500 _aОриг. загл.: Magic magnifying glass: moving machines / Honor Head Загл. от изд. каре Загл. на кор.: Транспортни машини Кн. отпеч. на ламиниран картон Речник: с. 23.
650 0 _aКнижки-играчки
_9345930
653 7 _aтранспортна техника
_9198589
700 1 _aМанушева, Ирина Борисова
_eпрев. от англ.
_9374746
700 1 _aО'Мали, Дона
_eил.
_9104132
852 _aЦб ІІ 30527
_bЦб
856 4 _qpdf
_i0.00
_ldisable
856 4 _qpdf
_i0.00
_ldisable
942 _cKNG
_n0
_s1
_021
944 _aCR
_c2021-12-07
_k30551
_lБояна Костадинова
999 _d439104